| 000 | 00420nam a22001577a 4500 | ||
|---|---|---|---|
| 020 | _a978-93-82776-78-9 | ||
| 082 |
_a12187 _b06-12-2019 |
||
| 100 | _aGEORGE, BEENA | ||
| 245 |
_aSLEEPING BEAUTY _bILLUSTRATED CLASSICS |
||
| 246 |
_aSLEEPING BEAUTY _bILLUSTRATED CLASSICS |
||
| 260 |
_aTHRISSUR _bH & C PUBLISHING HOUSE |
||
| 300 | _a48 | ||
| 520 | _aILLUSTRATED CLASSICS | ||
| 650 | _aILLUSTRATED CLASSICS | ||
| 942 | _cBK | ||
| 999 |
_c2298 _d2298 |
||